000 00635nam a2200241Ia 4500
003 OSt
005 20221005120949.0
006 a|||||r|||| 00| 0
007 ta
008 221004b |||||||| |||| 00| 0 mal d
024 _a55052
037 _cTextual
040 _aCRL
_cCRL
_bmal
041 _2mal
_amal
082 _aO32,1N01:g, M0
100 _aLeelavathy M. Au.
_9594689
245 0 _aG. Yude kavyajeevitham
260 _c1980
650 _a MALAYALAM POETRY
_9185636
650 _aMALAYALAM LITERATURE
_938866
942 _hO32,1N01:g, M0
_cTEXL
_2cc
999 _c1039687
_d1039687